000 01046cam a2200301 a 4500
999 _c529369
_d529369
001 16072501
005 20190924160145.0
008 100128s2012 maua b 001 0 eng
010 _a 2010001486
020 _a9780321500465
020 _a0321500466
035 _a(OCoLC)ocn502674206
040 _aDLC
_cDLC
_dYDX
_dYDXCP
_dBWX
_dCDX
_dDLC
050 0 0 _aQA273
_b.D35 2012
082 0 0 _a519.2
_bDEG
100 1 _aDeGroot, Morris H.,
_d1931-1989.
_913582
245 1 0 _aProbability and statistics /
_cMorris H. DeGroot, Mark J. Schervish.
250 _a4th ed.
260 _aBoston :
_bAddison-Wesley,
_cc2012.
300 _axiv, 893 p. :
_bill. ;
_c27 cm.
504 _aIncludes bibliographical references and index.
650 0 _aProbabilities
_vTextbooks.
_9112
650 0 _aMathematical statistics
_vTextbooks.
_9113
700 1 _aSchervish, Mark J.
_98621
906 _a7
_bcbc
_corignew
_d1
_eecip
_f20
_gy-gencatlg
942 _2ddc
_cBK